Music Quiz

Random Music or Lyrics Quiz

Song Snippets 10 to 1 Quiz Stats

 Plays Quiz Updated Oct 21, 2015

Score 0/55 Timer 10:00
1 Play Today
% Correct
Galileo Figaro
92.9%
the fandango
86.8%
poor boy
85.6%
very frightening
85.3%
easy come
83.1%
desert highway
82.3%
really matters
77.8%
just fantasy
73.2%
entertain us
70.4%
an albino
66.5%
beauty queen
66.3%
carry on
66.2%
a mulatto
65.6%
a mosquito
65.2%
first time
65.1%
master's chambers
63.9%
me excitations
63.4%
lovely place
62.6%
my libido
62.3%
mission bell
60.8%
that glitters
59.6%
sends shivers
59.4%
pink champagne
58.5%
Mercedes bends
56.9%
no sympathy
56.9%
she's buying
56.9%
steely knives
55.6%
movie scene
52.9%
% Correct
heart beats
51.8%
feel stupid
50.9%
one love
50.3%
Tiffany-twisted
50.2%
childhood memories
49.5%
piper's calling
48.8%
your hedgerow
43.5%
me wonder
43.2%
May queen
40.7%
how low
39.9%
think twice
39.8%
dirty word
39.4%
good inside
36.6%
two meanings
35.7%
the wilderness
35.3%
self assured
33.2%
beat incomplete
33.1%
pickin' up
31.7%
sunlight plays
31%
same cigarettes
30.7%
forty nights
30.7%
useless information
29.9%
colorful clothes
28.7%
play Jesus
27.4%
higher law
25.6%
blossom world
18.4%
thawed out
12.5%

You're not logged in!

Compare scores with friends on all Sporcle quizzes.
OR
Log In

Show Comments

Extras

Top Quizzes Today


Score Distribution

Your Account Isn't Verified!

In order to create a playlist on Sporcle, you need to verify the email address you used during registration. Go to your Sporcle Settings to finish the process.

Report this User

Report this user for behavior that violates our Community Guidelines.

Details: